| 000 | 00496nam a2200181Ia 4500 | ||
|---|---|---|---|
| 001 | 17627 | ||
| 005 | 20260306171531.0 | ||
| 008 | 260306s9999||||xx |||||||||||||| ||und|| | ||
| 041 | _aESP | ||
| 082 |
_a658.1 _bO83 2016 |
||
| 100 |
_aOsterwalder, Alexander _eAUT |
||
| 245 | 0 |
_aGeneración de modelos de negocio: _bun manual para visionarios, revolucionarios y retadores |
|
| 260 | _c2016 | ||
| 300 |
_a278 pƔginas : _c19 cm. |
||
| 650 | _aGEN | ||
| 654 | _aCAN | ||
| 942 |
_cLIB _dJUS _fJUS _2ddc _n |
||
| 999 |
_c17627 _d17627 |
||